000 00424nam a2200169Ia 4500
008 230524s9999 xx 000 0 und d
020 _a8121905893
082 _a401.6
_bKAP
100 _aA.N.Kapoor
245 2 _aA Guide to Business Correspondence and Communication Skills
250 _a3RD
260 _aNEW DELHI
_bS.Chand
_c2004
300 _aVI;385
500 _aQuantity Number: 5
650 _aEnglish
942 _cBK
999 _c703
_d703